00769 2200265 4500001002100000005001700021008004100038020001800079035002400097040001200121082001000133084001600143084001600159100002600175245012400201250001100325260003000336300002600366500003100392650001700423700001500440850001200455990001800467990001800485INLIS00000000001618720170227133752.0  a979-1305-26-6 0010-011600000000278 aYOPDYOG a340.1 a340.1 Fri S a340.1 Fri S aFRIEDMAN, Lawrence M. aSistem hukumb: perspektif ilmu sosialc/ Lawrence M. Friedman ; penerjemah M. Khozim ; penyunting Nurainun Mangunsong. aCet.4. aBandungbNusa Mediac2011 axi, 448 hlm.c; 24 cm aBibliografi : hlm. 409-435 aHukum sosial aKhozim, M. aYOPDYOG a46240-PD/A.15 a53347-PD/A.17